How many cities can you name in Suriname? - Statistics

General Stats
  • This quiz has been taken 105 times
  • The average score is 6 of 27
Answer Stats
Popualtion Answer % Correct
240,924 Paramaribo
99%
5,650 Nieuw Amsterdam
52%
18,663 Lelydorp
44%
2,818 Groningen
39%
12,818 Nieuw Nickerie
37%
4,482 Brokopondo
29%
10,834 Moengo
25%
5,247 Albina
24%
2,150 Totness
19%
5,561 Mariënburg
17%
2,937 Wageningen
17%
12,405 Meerzorg
15%
6,113 Onverwacht
15%
4,793 Brownsweg
13%
6,601 Tamanredjo
13%
5,661 Domburg
12%
26,161 De Nieuwe Grond
11%
15,656 Houttuin
9%
27,713 Koewarasan
8%
14,151 Kwatta
8%
10,217 Saramacca Polder
8%
2,709 Groot Henar
7%
7,153 Oostelijke Polders
7%
8,016 Smal-Kalden-Paranam
7%
8,616 Westelijke Polders
7%
5,963 Jarikaba
5%
9,703 Para Noord
5%
No matching quizzes found
Score Distribution
Percent of People with Each Score
Percentile by Number Answered
Your Score History
You have not taken this quiz